Golden Globe Award for Best Actor – Miniseries or Television Film - Statistics

General Stats
  • This quiz has been taken 6 times
  • The average score is 11 of 37
Answer Stats
Year Actor % Correct
2010 Al Pacino
80%
2003 Al Pacino
80%
2001 James Franco
60%
2013 Michael Douglas
60%
1984 Ted Danson
60%
1991 Beau Bridges
40%
2014 Billy Bob Thornton
40%
1995 Gary Sinise
40%
2004 Geoffrey Rush
40%
2009 Kevin Bacon
40%
2012 Kevin Costner
40%
2008 Paul Giamatti
40%
1983 Richard Chamberlain
40%
1996 Alan Rickman
20%
2002 Albert Finney
20%
1982 Anthony Andrews
20%
2006 Bill Nighy
20%
2000 Brian Dennehy
20%
1985 Dustin Hoffman
20%
2011 Idris Elba
20%
1999 Jack Lemmon
20%
1993 James Garner
20%
1990 James Garner
20%
1986 James Woods
20%
2007 Jim Broadbent
20%
2005 Jonathan Rhys Meyers
20%
1988 Michael Caine
20%
1981 Mickey Rooney
20%
2015 Oscar Isaac
20%
1987 Randy Quaid
20%
1994 Raúl Juliá
20%
1992 Robert Duvall
20%
1989 Robert Duvall
20%
1988 Stacy Keach
20%
1998 Stanley Tucci
20%
2016 Tom Hiddleston
20%
1997 Ving Rhames
20%
No matching quizzes found
Score Distribution
Percent of People with Each Score
Percentile by Number Answered
Your Score History
You have not taken this quiz